000
00285nam a22001337a 4500
003
SGT
082
_a
603
_b
S00A
100
_a
AAPTE,WAMAN SHIVRAM
245
_a
SANSKRIT HINDI SABDKOSH
260
_a
VARANASI
_b
CHAUKHAMBHA
_c
SN
300
_a
1440
650
_a
DICTIONARY
942
_2
ddc
_c
BK
999
_c
8526
_d
8526